<?xml version="1.0" encoding="UTF-8"?>
<record
    xmlns:xsi="http://www.w3.org/2001/XMLSchema-instance"
    xsi:schemaLocation="http://www.loc.gov/MARC21/slim http://www.loc.gov/standards/marcxml/schema/MARC21slim.xsd"
    xmlns="http://www.loc.gov/MARC21/slim">

  <leader>00925cam a22002531  4500</leader>
  <controlfield tag="001">45271</controlfield>
  <controlfield tag="003">BD-RjUL</controlfield>
  <controlfield tag="005">20211209054005.0</controlfield>
  <controlfield tag="008">160724s1961    pk            001 0 eng</controlfield>
  <datafield tag="035" ind1=" " ind2=" ">
    <subfield code="a">(BD-RjUL)45389</subfield>
  </datafield>
  <datafield tag="040" ind1=" " ind2=" ">
    <subfield code="a">DLC</subfield>
    <subfield code="c">DLC</subfield>
    <subfield code="d">DLC</subfield>
    <subfield code="d">BD-RjUL</subfield>
    <subfield code="b">eng</subfield>
  </datafield>
  <datafield tag="041" ind1=" " ind2=" ">
    <subfield code="a">eng</subfield>
  </datafield>
  <datafield tag="082" ind1="0" ind2="0">
    <subfield code="a">344.5491021</subfield>
    <subfield code="b">HUW 1961 </subfield>
  </datafield>
  <datafield tag="100" ind1="1" ind2=" ">
    <subfield code="a">Sethi, R. B. </subfield>
    <subfield code="9">9621</subfield>
  </datafield>
  <datafield tag="245" ind1="1" ind2="4">
    <subfield code="a">The Workmen's compensation act, 1923 (VIII of 1923) /</subfield>
    <subfield code="b">With central and states rules, allied laws and useful appendices and commentaries on fatal accidents act / </subfield>
    <subfield code="c">R. B. Sethi </subfield>
  </datafield>
  <datafield tag="250" ind1=" " ind2=" ">
    <subfield code="a">2nd edi. </subfield>
  </datafield>
  <datafield tag="260" ind1=" " ind2=" ">
    <subfield code="a">Lahore:</subfield>
    <subfield code="b">Pakistan Law Times Publications,</subfield>
    <subfield code="c">1961 </subfield>
  </datafield>
  <datafield tag="300" ind1=" " ind2=" ">
    <subfield code="a">viii, 731 p.;</subfield>
    <subfield code="c">25 cm.</subfield>
  </datafield>
  <datafield tag="504" ind1=" " ind2=" ">
    <subfield code="a">Includes index</subfield>
  </datafield>
  <datafield tag="650" ind1=" " ind2="0">
    <subfield code="a">Workers' compensation</subfield>
    <subfield code="x">Law and legislation</subfield>
    <subfield code="z">Pakistan.</subfield>
    <subfield code="9">9622</subfield>
  </datafield>
  <datafield tag="710" ind1="1" ind2=" ">
    <subfield code="a">Pakistan.</subfield>
    <subfield code="k">Laws, statutes, etc.</subfield>
    <subfield code="t">The Workmen's compensation act.</subfield>
    <subfield code="9">9623</subfield>
  </datafield>
  <datafield tag="942" ind1=" " ind2=" ">
    <subfield code="2">ddc</subfield>
    <subfield code="c">BK</subfield>
  </datafield>
  <datafield tag="999" ind1=" " ind2=" ">
    <subfield code="c">45271</subfield>
    <subfield code="d">45271</subfield>
  </datafield>
  <datafield tag="952" ind1=" " ind2=" ">
    <subfield code="0">0</subfield>
    <subfield code="1">0</subfield>
    <subfield code="2">ddc</subfield>
    <subfield code="4">0</subfield>
    <subfield code="7">0</subfield>
    <subfield code="8">NFIC</subfield>
    <subfield code="a">RUCL</subfield>
    <subfield code="b">RUCL</subfield>
    <subfield code="c">Stack</subfield>
    <subfield code="d">1964-05-24</subfield>
    <subfield code="e">Pak.Law House</subfield>
    <subfield code="g">32.50</subfield>
    <subfield code="l">0</subfield>
    <subfield code="o">344.5491021 HUW 1961</subfield>
    <subfield code="r">2016-07-25 00:00:00</subfield>
    <subfield code="t">C-2</subfield>
    <subfield code="w">2016-07-25</subfield>
    <subfield code="y">BK</subfield>
  </datafield>
</record>
